000 00670nam a22002177a 4500
003 UA-OsUOA
001 60278
007 ta
008 20090513b un ||||| |||| 00| 0 ukr d
100 _aГенералюк Л.
090 _a82
_bГ34
942 _cSA
040 _aUA-OsUOA
_bukr
_cUA-OsUOA
_dUA-OsUOA
245 _aГіпотипозис у творчості Шевченка - визначальний засіб моделювання візуального образу України
300 _aС.3-19
955 _a0
041 _aukr
080 _a82
773 0 _w60277
650 7 _a82 Література. Літературознавство
_2UDC
999 _c346114
_d346114